00789 2200277 4500001002100000005001500021035002000036007000300056040001700059043000900076100014700085245004500232250001500277300003400292020001800326041001300344082001400357084001400371264003700385336001500422337001300437338001500450650001400465850001200479990002000491INLIS00000000106872920251229081406 a0010-1225000009ta aJKPNPNAbRDA aa-io aDrs. H. Malayu S.P. HasibuantMANAJEMEN DASAR, PENGERTIAN, DAN MASALAHtDrs. H. Malayu S.P. HasibuantMANAJEMEN DASAR, PENGERTIAN, DAN MASALAH aMANAJEMEN DASAR, PENGERTIAN, DAN MASALAH aCetakan VI a266 Hlm :bIlustrasi ;c23 cm a979-526-546-6 aRDAbIND aMAL 658 M aMAL 658 M aJakarta :bPT BUMI AKSARA,c2007 2rdacontent 2rdamedia 2rdacarrier aManajemen aJKPNPNA a46865/SUMB/2025